000 00420nam a2200157 4500
001 139890
003 ES-MaACL
005 20230906195935.0
007 t|
008 070214s1913 gw r ||||1| ger d
100 1 _aSchoenborn, Walther.
_9104610
245 1 0 _aStaatensukzessionen /
_cWalther Schoenborn.
260 _aStuttgart :
_bW. Kohlhammer,
_c1913.
300 _a122 p. ;
_c25 cm.
852 _aES-MaACL
_jG-14044
999 _c139890
_d139890